ՀՀ Գիտությունների ազգային ակադեմիայի հիմնարար գիտական գրադարան  =   Fundamental Scientific Library of NAS RA

Մեղուները թունավորումներից պաշտպանվելու միջոցառումները / (Record no. 230026)

MARC details
000 -LEADER
fixed length control field 00655nam a2200181 u 4500
001 - CONTROL NUMBER
control field 000575153
003 - CONTROL NUMBER IDENTIFIER
control field AM-YeHGA
005 - DATE AND TIME OF LATEST TRANSACTION
control field 20250617140951.0
008 - FIXED-LENGTH DATA ELEMENTS--GENERAL INFORMATION
fixed length control field 080403s1972 ai | |||||||||||||arm|d
040 ## - CATALOGING SOURCE
Original cataloging agency AM-YeHGA
041 0# - LANGUAGE CODE
Language code of text/sound track or separate title arm
090 ## - LOCALLY ASSIGNED LC-TYPE CALL NUMBER (OCLC); LOCAL CALL NUMBER (RLIN)
-- 231579
100 1# - MAIN ENTRY--PERSONAL NAME
Personal name Մարկոսյան, Ալբերտ Համբարձումի
245 10 - TITLE STATEMENT
Title Մեղուները թունավորումներից պաշտպանվելու միջոցառումները /
Statement of responsibility, etc. Ա.Հ. Մարկոսյան; Խմբ.՝ Ռ.Վ. Սարգսյան.
260 ## - PUBLICATION, DISTRIBUTION, ETC.
Place of publication, distribution, etc. Երևան :
Name of publisher, distributor, etc. Հայաստան,
Date of publication, distribution, etc. 1972.
300 ## - PHYSICAL DESCRIPTION
Extent 43 էջ ;
Dimensions 16 սմ.
700 1# - ADDED ENTRY--PERSONAL NAME
Personal name Սարգսյան, Ռ.Վ.
Relator term խմբ.
Relationship edt
Holdings
Withdrawn status Lost status Damaged status Not for loan Collection Home library Current library Date acquired Total checkouts Full call number Barcode Date last seen Price effective from Koha item type Public note Cost, normal purchase price
        General Fundamental Scientific Library Fundamental Scientific Library 28/12/2016   AI/11855 FL0049709 28/12/2016 28/12/2016 Գրքեր / Books 30 Days Loan  
        General Fundamental Scientific Library Fundamental Scientific Library 28/12/2016   AI/12253 FL0051079 28/12/2016 28/12/2016 Գրքեր / Books 30 Days Loan 4.00


ՀՀ ԳԱԱ հիմնարար գիտական գրադարան
ՀՀ,Երևան 0019
Մարշալ Բաղրամյան 24/6
հեռախոս:(374-10) 52-47-50
Հետադարձ կապ

All site content, except where otherwise noted, is licensed under a
Creative Commons License